| 000 | 00832fam a2200277 a 4500 | ||
|---|---|---|---|
| 005 | 20260322212039.0 | ||
| 008 | data | ||
| 010 | _a 97078444 | ||
| 020 | _a0945397496 | ||
| 020 | _a9780945397496 | ||
| 040 |
_aWaS _cWaS _dDLC |
||
| 042 | _alccopycat | ||
| 043 | _an-us-ak | ||
| 050 | 0 | 0 |
_aF914.U53 _bH83 1998 |
| 092 | _a979.84 H83 1998 | ||
| 100 | 1 |
_aHudson, Ray, _d1943- |
|
| 245 | 1 | 0 |
_aMoments rightly placed : _ban Aleutian memoir / _cRay Hudson. |
| 260 |
_aFairbanks : _bEpicenter Press, _cc1998. |
||
| 300 |
_a223 p. : _bill. ; _c22 cm. |
||
| 500 | _aIncludes bibliographical references (p. 221-223). | ||
| 600 | 1 | 0 |
_aHudson, Ray, _d1943- |
| 650 | 0 |
_aAleuts _xSocial life and customs. |
|
| 650 | 0 |
_aEskimo baskets _zAleutian Islands. _zAleutian Islands. |
|
| 651 | 0 |
_aUnalaska (Alaska) _xDescription and travel. |
|
| 001 | data | ||
| 999 |
_c908 _d908 |
||